| 000 | 00621nam a2200205Ia 4500 | ||
|---|---|---|---|
| 003 | OSt | ||
| 005 | 20220925193039.0 | ||
| 006 | a|||||r|||| 00| 0 | ||
| 007 | ta | ||
| 008 | 220923b |||||||| |||| 00| 0 eng d | ||
| 037 | _cGeneral Book | ||
| 040 |
_aRTL _cRTL _beng |
||
| 041 |
_2eng _aeng |
||
| 082 | _aX:8H.275t.N67<--N66, K9 | ||
| 245 | 0 |
_aSendra coal company limited _b Report and accounts |
|
| 260 |
_aCalcutta _bThe senddra coal company Ltd. |
||
| 500 | _a1963(25p),1964 (29p),1966 (35p), 1967 (17p) | ||
| 942 |
_hX:8H.275t.N67<--N66, K9 _cGB _2CC |
||
| 999 |
_c524339 _d524339 |
||